000 00939cam a2200229 i 4500
005 20260127083051.0
008 250721s1987 le gr 000 0 ara d
082 1 4 _a346.033
_bح س ي
100 1 _aالحسيني، عبد اللطيف
_eمؤلف.
245 1 2 _aالمسؤولية المدنية عن الأخطاء المهنية /
_bالطبيب المهندس المعماري والمقاول المحامي :
_cتقديم الدكتور عاطف النقيب.
250 _aالطبعة الاولى.
264 3 1 _aبيروت :
_bالشركة العالمية للكتاب،
_c1987.
300 _a429 صفحة.
650 1 7 _aالعاملون المهنيون.
650 1 7 _aالأخطاء.
650 1 7 _aالعطل والضرر.
650 1 7 _aالقانون المدني.
650 1 7 _aالإهمال.
650 1 7 _aالتبعة المدنية.
942 _2ddc
_cBK
999 _c86199
_d86199